000 00402nam a22001697a 4500
005 20180809120609.0
008 160517b xxu||||| |||| 00| 0 eng d
020 _a81-203-2264-9
041 _aeng
082 _b2553
_a658.3
100 _aDessler, Gary
_94712
245 _aHuman Resource Management
260 _aNew Delhi
_bPHI,
_c2003
300 _a526p,
650 _aManagement
_9241
942 _cBK
999 _c935
_d935